[Event "Oberliga Sued W 2324"]
[Site "Germany"]
[Date "2023.10.15"]
[Round "2.8"]
[White "Windmueller, Simon"]
[Black "Spektorov, Leonid"]
[Result "1-0"]
[WhiteElo "1970"]
[BlackElo "1836"]
[PlyCount "61"]
[EventDate "2023.09.17"]
[EventType "team-tourn"]
[EventRounds "9"]
[EventCountry "GER"]
[SourceTitle "EXT 2025"]
[Source "ChessBase"]
[SourceDate "2024.10.14"]
[SourceVersion "1"]
[SourceVersionDate "2024.10.14"]
[SourceQuality "1"]
[WhiteTeam "Illingen Turm"]
[BlackTeam "Saarbruecken SVG"]
[WhiteTeamCountry "GER"]
[BlackTeamCountry "GER"]

1. Nf3 d5 2. e3 c5 3. b3 Nf6 4. Bb2 Nc6 5. Bb5 Bd7 6. 0-0 a6 7. Bxc6 Bxc6 8. d3 e6 9. Ne5 Bd6 10. Nxc6 bxc6 11. Nd2 0-0 12. e4 d4 13. f4 Nd7 14. Qf3 e5 15. f5 Be7 16. Nc4 Bg5 17. Bc1 Bxc1 18. Raxc1 f6 19. Qg4 Nb6 20. Nb2 Nd7 21. a4 Nb6 22. Rf3 Ra7 23. Rh3 Qe8 24. Rf1 g5 25. fxg6 hxg6 26. Qh4 Rg7 27. Qh8+ Kf7 28. Rxf6+ Kxf6 29. Rf3+ Ke6 30. Rxf8 Qe7 31. Re8 1-0

[Event "Saarland-ch A 89th"]
[Site "Stennweiler"]
[Date "2014.04.18"]
[Round "8"]
[White "Spektorov, Leonid"]
[Black "Stephanus, Joseph"]
[Result "0-1"]
[WhiteElo "1830"]
[BlackElo "1908"]
[PlyCount "103"]
[EventDate "2014.04.11"]
[EventType "swiss"]
[EventRounds "9"]
[EventCountry "GER"]
[SourceTitle "EXT 2016"]
[Source "ChessBase"]
[SourceDate "2015.10.08"]
[SourceVersion "1"]
[SourceVersionDate "2015.10.08"]
[SourceQuality "1"]

1. d4 d5 2. Nf3 Bf5 3. c4 e6 4. Nc3 c6 5. Qb3 Qb6 6. c5 Qxb3 7. axb3 Nf6 8. b4 h6 9. Bf4 Nbd7 10. b5 Nh5 11. bxc6 bxc6 12. Bc7 Be7 13. h3 Nhf6 14. e3 Bd8 15. Bh2 a5 16. b4 Ne4 17. Nxe4 Bxe4 18. b5 Bf6 19. bxc6 Nxc5 20. Ra3 Be7 21. dxc5 Bxc5 22. Ra1 Bb4+ 23. Kd1 a4 24. Bb5 a3 25. c7+ Ke7 26. Nd4 Bc3 27. Nc6+ Kf6 28. Ra2 Bb1 29. Nd4 Bxd4 30. exd4 Bxa2 31. Bd7 Ke7 32. Bc6 Ra6 33. Bb5 Rb6 34. Bd3 Bc4 35. Bc2 a2 36. Kd2 Kd7 37. Ra1 Ra8 38. f4 f5 39. g4 g6 40. h4 h5 41. gxh5 gxh5 42. Kc1 Kxc7 43. Bg1 Ra3 44. Bf2 Rba6 45. Be1 Rf3 46. Kd2 Kc6 47. Bd1 Rxf4 48. Bxh5 Rxd4+ 49. Kc2 Rf4 50. Be8+ Kc5 51. h5 Ra8 52. Bf7 0-1

[Event "Saarland-ch A 89th"]
[Site "Stennweiler"]
[Date "2014.04.17"]
[Round "7"]
[White "Noll, Sonja"]
[Black "Spektorov, Leonid"]
[Result "1/2-1/2"]
[WhiteElo "1834"]
[BlackElo "1830"]
[PlyCount "79"]
[EventDate "2014.04.11"]
[EventType "swiss"]
[EventRounds "9"]
[EventCountry "GER"]
[SourceTitle "EXT 2016"]
[Source "ChessBase"]
[SourceDate "2015.10.08"]
[SourceVersion "1"]
[SourceVersionDate "2015.10.08"]
[SourceQuality "1"]

1. g4 d5 2. Bg2 c6 3. h3 Nf6 4. d4 e6 5. c3 Nbd7 6. Bf4 Qb6 7. Qc2 c5 8. e3 cxd4 9. exd4 Bd6 10. Ne2 Qc7 11. Bxd6 Qxd6 12. f4 Nb6 13. Nd2 Bd7 14. a4 Rc8 15. b3 Rc7 16. a5 Nc8 17. 0-0 Ne7 18. Nf3 0-0 19. Ne5 Bb5 20. c4 dxc4 21. bxc4 Bc6 22. c5 Qd8 23. Nxc6 Nxc6 24. Bxc6 Rxc6 25. f5 exf5 26. Rxf5 Re8 27. d5 Rc7 28. d6 Qxd6 29. cxd6 Rxc2 30. Nd4 Rd2 31. Nb5 Nd7 32. Rc1 g6 33. Rf2 Rd5 34. Rb1 Ree5 35. Nxa7 Rxd6 36. Rxb7 Rxa5 37. Nb5 Rd1+ 38. Rf1 Rxf1+ 39. Kxf1 Ra1+ 40. Kf2 1/2-1/2

[Event "Saarland-ch MB 85th"]
[Site "Homburg"]
[Date "2010.03.30"]
[Round "5"]
[White "Spektorov, Leonid"]
[Black "Hoefer, Ulrich"]
[Result "0-1"]
[WhiteElo "1830"]
[BlackElo "2020"]
[PlyCount "114"]
[EventDate "2010.03.27"]
[EventType "swiss"]
[EventRounds "9"]
[EventCountry "GER"]
[SourceTitle "EXT 2011"]
[Source "ChessBase"]
[SourceDate "2010.11.26"]
[SourceVersion "1"]
[SourceVersionDate "2010.11.26"]
[SourceQuality "1"]

1. d4 d5 2. Nf3 e6 3. c4 c6 4. Nc3 Bb4 5. Qb3 Bd6 6. c5 Bc7 7. Bg5 Nf6 8. e3 Nbd7 9. Be2 e5 10. e4 exd4 11. Nxd4 Nxc5 12. Qc2 Ncxe4 13. Nxe4 dxe4 14. Bxf6 Qxf6 15. Qxe4+ Qe5 16. Qxe5+ Bxe5 17. 0-0-0 0-0 18. g3 c5 19. Nc2 Be6 20. Kb1 Rad8 21. f4 Bc7 22. Bf3 b6 23. Na3 Rxd1+ 24. Rxd1 Rd8 25. Nb5 Rxd1+ 26. Bxd1 Bb8 27. b3 Bd5 28. Nc3 Bc6 29. Kc2 Kf8 30. Kd3 Ke7 31. Ne4 h6 32. Nd2 Bc7 33. Kc4 a6 34. a4 Bd6 35. Bf3 b5+ 36. axb5 axb5+ 37. Kc3 Bxf3 38. Nxf3 Ke6 39. Kd3 Kd5 40. Nd2 Bc7 41. Nb1 c4+ 42. Kc3 Ba5+ 43. b4 Bb6 44. Na3 Bd4+ 45. Kd2 Kc6 46. g4 Bb2 47. Nc2 Kd5 48. Ke3 Bc1+ 49. Kf3 c3 50. f5 Kc4 51. Ke2 Bf4 52. h4 Bd6 53. g5 hxg5 54. h5 f6 55. Ne3+ Kb3 56. Kd3 Bxb4 57. Nc2 Bc5 0-1

[Event "Saarland-ch MB 85th"]
[Site "Homburg"]
[Date "2010.03.27"]
[Round "2"]
[White "Spektorov, Leonid"]
[Black "Dittgen, Thomas"]
[Result "0-1"]
[WhiteElo "1830"]
[BlackElo "1916"]
[PlyCount "102"]
[EventDate "2010.03.27"]
[EventType "swiss"]
[EventRounds "9"]
[EventCountry "GER"]
[SourceTitle "EXT 2011"]
[Source "ChessBase"]
[SourceDate "2010.11.26"]
[SourceVersion "1"]
[SourceVersionDate "2010.11.26"]
[SourceQuality "1"]

1. d4 d5 2. Nf3 Nf6 3. c4 c6 4. Nc3 e6 5. Bg5 Be7 6. e3 0-0 7. Bd3 dxc4 8. Bxc4 Nd5 9. Bxe7 Qxe7 10. 0-0 a5 11. a4 Na6 12. e4 Nb6 13. Ba2 Nb4 14. Bb3 Nd7 15. Re1 e5 16. d5 Nc5 17. Bc4 Bg4 18. h3 Bxf3 19. gxf3 Qh4 20. Rc1 Rad8 21. Qe2 Rd6 22. Qf1 Rg6+ 23. Kh1 Nbd3 24. Bxd3 Nxd3 25. Ne2 Nxf2+ 26. Kh2 Nd3 27. dxc6 bxc6 28. Red1 Nxc1 29. Rxc1 h5 30. Rc5 Rb8 31. Rc2 Rb3 32. Ng1 c5 33. Qf2 Qxf2+ 34. Rxf2 Rgb6 35. Kg3 Rxb2 36. Ne2 Rc2 37. f4 Rb3+ 38. Kg2 Rbb2 39. Kf3 c4 40. fxe5 g5 41. Rg2 g4+ 42. hxg4 Rxe2 43. Rg1 Rg2 44. Rc1 Rbf2+ 45. Ke3 c3 46. gxh5 c2 47. e6 fxe6 48. h6 Rd2 49. h7+ Kxh7 50. Rh1+ Rh2 51. Rf1 Rhe2+ 0-1

[Event "Saarland-ch MB"]
[Site "Schiffweiler"]
[Date "2009.04.10"]
[Round "8"]
[White "Spektorov, Leonid"]
[Black "Hoefer, Ulrich"]
[Result "1-0"]
[WhiteElo "1830"]
[BlackElo "2033"]
[PlyCount "69"]
[EventDate "2009.04.03"]
[EventType "swiss"]
[EventRounds "9"]
[EventCountry "GER"]
[SourceTitle "EXT 2012"]
[Source "ChessBase"]
[SourceDate "2011.11.24"]
[SourceVersion "1"]
[SourceVersionDate "2011.11.24"]
[SourceQuality "1"]

1. d4 Nf6 2. Nf3 g6 3. c4 Bg7 4. Nc3 d6 5. h3 Nbd7 6. e4 c6 7. Be2 0-0 8. Be3 Re8 9. Qd2 e5 10. d5 cxd5 11. cxd5 Nf8 12. 0-0 Nh5 13. Nh2 f5 14. exf5 Nf4 15. fxg6 N8xg6 16. Rac1 Qg5 17. Bg4 e4 18. g3 Bxg4 19. gxf4 Qh4 20. hxg4 Qh3 21. f3 Nh4 22. Nxe4 Rxe4 23. fxe4 Rf8 24. Rc7 Bh6 25. Rf2 Re8 26. g5 Rxe4 27. gxh6 Rxe3 28. Rc3 Qg3+ 29. Kh1 Rxc3 30. Qxc3 Qg6 31. f5 Qxh6 32. Qc8+ Kg7 33. f6+ Kg6 34. Qg8+ Kh5 35. Qg4# 1-0

[Event "Saarland-ch MB"]
[Site "Schiffweiler"]
[Date "2009.04.06"]
[Round "4"]
[White "Spektorov, Leonid"]
[Black "Dittgen, Thomas"]
[Result "0-1"]
[WhiteElo "1830"]
[BlackElo "1893"]
[PlyCount "138"]
[EventDate "2009.04.03"]
[EventType "swiss"]
[EventRounds "9"]
[EventCountry "GER"]
[SourceTitle "EXT 2012"]
[Source "ChessBase"]
[SourceDate "2011.11.24"]
[SourceVersion "1"]
[SourceVersionDate "2011.11.24"]
[SourceQuality "1"]

1. d4 d5 2. Nf3 Nc6 3. c4 Bg4 4. e3 e6 5. Nc3 Nf6 6. Bd2 Bb4 7. cxd5 exd5 8. Be2 0-0 9. Rc1 Ne4 10. 0-0 Nxd2 11. Qxd2 a6 12. a3 Be7 13. Na4 Nb8 14. Nc5 b6 15. Nd3 f6 16. h3 Be6 17. Nf4 Bf7 18. Bd3 g5 19. Ne2 Bd6 20. Qc2 h5 21. Bg6 Kg7 22. Bxf7 Rxf7 23. Nc3 c6 24. Qf5 Qd7 25. Qxd7 Rxd7 26. Na4 Bc7 27. Rc2 Ra7 28. Rfc1 Rb7 29. Ne1 Bd6 30. Nd3 Kg6 31. f3 Rh7 32. e4 dxe4 33. fxe4 Rhd7 34. Kf2 Bxa3 35. Ke3 Bf8 36. e5 f5 37. Rxc6+ Nxc6 38. Rxc6+ Kh7 39. Nxb6 Rdc7 40. Re6 Re7 41. Rc6 Bh6 42. Nd5 g4+ 43. Ke2 Rf7 44. hxg4 fxg4 45. Rxa6 Bg5 46. b4 h4 47. Nc5 Ra7 48. e6 Rxa6 49. Nxa6 Rf5 50. Nac7 h3 51. gxh3 gxh3 52. e7 Bxe7 53. Nxe7 Rf7 54. Ned5 h2 55. b5 h1Q 56. b6 Qf3+ 57. Kd2 Qg3 58. Ne3 Rf2+ 59. Kd3 Qg6+ 60. Kc4 Qc6+ 61. Kd3 Qxb6 62. Ncd5 Qb1+ 63. Kc4 Rf8 64. Kc5 Qb2 65. Kc4 Qa3 66. Kb5 Qc1 67. Kb6 Rb8+ 68. Ka7 Rb3 69. Ka6 Qa1# 0-1

[Event "Saarland-ch MB"]
[Site "Schiffweiler"]
[Date "2009.04.03"]
[Round "1"]
[White "Kreuscher, Wolfgang"]
[Black "Spektorov, Leonid"]
[Result "1-0"]
[WhiteElo "2036"]
[BlackElo "1830"]
[PlyCount "105"]
[EventDate "2009.04.03"]
[EventType "swiss"]
[EventRounds "9"]
[EventCountry "GER"]
[SourceTitle "EXT 2012"]
[Source "ChessBase"]
[SourceDate "2011.11.24"]
[SourceVersion "1"]
[SourceVersionDate "2011.11.24"]
[SourceQuality "1"]

1. e4 e6 2. d4 d5 3. Nd2 Nf6 4. e5 Nfd7 5. Bd3 c5 6. c3 Nc6 7. Ngf3 cxd4 8. cxd4 f6 9. 0-0 fxe5 10. Nxe5 Ndxe5 11. dxe5 Qc7 12. f4 Bc5+ 13. Kh1 0-0 14. Nf3 Be7 15. Be3 Bd7 16. Rc1 Qd8 17. Bb1 Be8 18. Qe1 Rc8 19. Qg3 g6 20. Bc5 Bxc5 21. Rxc5 Qe7 22. Rcc1 Bd7 23. Rce1 Na5 24. Nd4 Rc4 25. Rd1 Qc5 26. Nb3 Nxb3 27. axb3 Rd4 28. Rde1 Kg7 29. f5 Bb5 30. f6+ Kf7 31. Rf3 Bc6 32. Qh3 Rh8 33. Bxg6+ hxg6 34. Qxh8 Qf8 35. Qh7+ Ke8 36. f7+ Kd7 37. Qxg6 Rh4 38. Qf6 Rh6 39. Qf4 Rh7 40. h3 a6 41. Ref1 Bb5 42. R1f2 Rh5 43. Qd4 Bc6 44. Rf6 a5 45. Rxe6 Rxh3+ 46. gxh3 Kxe6 47. Rf6+ Kd7 48. Qg4+ Kc7 49. Qg8 Qb4 50. f8Q Qe1+ 51. Qg1 Qe4+ 52. Kh2 d4 53. Qd6+ 1-0

[Event "Saarland-ch MB"]
[Site "Eppelborn"]
[Date "2008.03.22"]
[Round "9"]
[White "Spektorov, Leonid"]
[Black "Dorozala, Jean Pierre"]
[Result "1/2-1/2"]
[WhiteElo "1830"]
[BlackElo "2034"]
[PlyCount "150"]
[EventDate "2008.03.14"]
[EventType "swiss"]
[EventRounds "9"]
[EventCountry "GER"]
[SourceTitle "EXT 2010"]
[Source "ChessBase"]
[SourceDate "2010.11.25"]
[SourceVersion "1"]
[SourceVersionDate "2010.11.25"]
[SourceQuality "1"]

1. d4 d5 2. Nf3 Nf6 3. c4 e6 4. Nc3 Be7 5. Bg5 0-0 6. e3 b6 7. cxd5 exd5 8. Bd3 Bg4 9. 0-0 Nbd7 10. Rc1 c5 11. h3 Bh5 12. Bb5 a6 13. Bc6 Ra7 14. dxc5 Ne5 15. cxb6 Qxb6 16. Bxf6 Nxf3+ 17. gxf3 Bxf6 18. Nxd5 Qxb2 19. Nf4 Qe5 20. Qd5 Qxd5 21. Bxd5 Bg6 22. Nxg6 hxg6 23. Rc6 Rd8 24. e4 g5 25. Rfc1 Be5 26. R1c5 Bf4 27. Ra5 Rb8 28. Rcxa6 Rb1+ 29. Kg2 Rc7 30. Rc6 Rxc6 31. Bxc6 Kf8 32. Bd5 Rc1 33. Bb3 Ke7 34. Rf5 f6 35. Rd5 Rc7 36. Rb5 Ra7 37. Kf1 Kd6 38. Ke2 Kc6 39. a4 Bd6 40. Kd3 Bc5 41. Ke2 Bb6 42. Kf1 Ra5 43. Rb4 Rc5 44. Bd5+ Kc7 45. Rb2 Ra5 46. Rc2+ Rc5 47. Ra2 Kd6 48. Kg2 Bc7 49. Kg3 Ke7+ 50. Kg4 g6 51. h4 gxh4 52. Kxh4 Rc1 53. a5 Rh1+ 54. Kg4 f5+ 55. exf5 gxf5+ 56. Kxf5 Rh5+ 57. Ke4 Kd6 58. a6 Re5+ 59. Kf4 Kxd5 60. Kg4 Re8 61. f4 Rg8+ 62. Kf3 Rf8 63. Rd2+ Kc5 64. Rc2+ Kb6 65. Rc4 Ra8 66. f5 Rxa6 67. Kg4 Ra8 68. Kg5 Be5 69. Re4 Bd6 70. f6 Kc6 71. f4 Rg8+ 72. Kf5 Kd7 73. Ra4 Rg1 74. f7 Bf8 75. Ra7+ Kd6 1/2-1/2

[Event "Saarland-ch MB"]
[Site "Eppelborn"]
[Date "2008.03.17"]
[Round "4"]
[White "Spektorov, Leonid"]
[Black "Aubertin, Tim"]
[Result "0-1"]
[WhiteElo "1830"]
[BlackElo "2003"]
[PlyCount "136"]
[EventDate "2008.03.14"]
[EventType "swiss"]
[EventRounds "9"]
[EventCountry "GER"]
[SourceTitle "EXT 2010"]
[Source "ChessBase"]
[SourceDate "2010.11.25"]
[SourceVersion "1"]
[SourceVersionDate "2010.11.25"]
[SourceQuality "1"]

1. d4 f5 2. c4 e6 3. Nf3 d5 4. e3 Nf6 5. Nc3 c6 6. Be2 Bd6 7. cxd5 exd5 8. Bd2 0-0 9. Rc1 Ne4 10. Qb3 Kh8 11. Na4 Qe7 12. Qc2 Nd7 13. a3 Nxd2 14. Qxd2 f4 15. 0-0 fxe3 16. fxe3 Re8 17. Rc3 b5 18. Nc5 Nxc5 19. dxc5 Bxc5 20. Nd4 Bxd4 21. Qxd4 Bd7 22. Bh5 Rf8 23. Rcc1 a5 24. Bf3 b4 25. a4 Rac8 26. Rfe1 Be6 27. Rc5 Qg5 28. Kh1 Rf6 29. Rxa5 Rcf8 30. Qxb4 Bg4 31. Rf1 h5 32. Qe1 Rxf3 33. gxf3 Bxf3+ 34. Rxf3 Rxf3 35. Ra8+ Kh7 36. Qb1+ g6 37. Qe1 Qe5 38. Qc3 Qxc3 39. bxc3 Rxe3 40. a5 Rxc3 41. a6 Ra3 42. h4 Kg7 43. a7 d4 44. Kg2 d3 45. Kf2 c5 46. Ke3 c4 47. Rc8 Rxa7 48. Rxc4 Rd7 49. Kd2 Kf7 50. Rf4+ Ke6 51. Ra4 Rd5 52. Ra1 Rd4 53. Rh1 Kf5 54. Ke3 Rd5 55. Rg1 d2 56. Rd1 Kg4 57. Rg1+ Kxh4 58. Rh1+ Kg5 59. Rd1 h4 60. Kf3 h3 61. Kg3 Rd3+ 62. Kh2 Kh4 63. Kh1 g5 64. Kh2 g4 65. Kh1 g3 66. Kg1 Re3 67. Kf1 Re1+ 68. Rxe1 dxe1R+ 0-1

[Event "Saarland-ch MB"]
[Site "Eppelborn"]
[Date "2008.03.15"]
[Round "2"]
[White "Spektorov, Leonid"]
[Black "Simons, Joerg"]
[Result "1/2-1/2"]
[WhiteElo "1830"]
[BlackElo "2103"]
[PlyCount "64"]
[EventDate "2008.03.14"]
[EventType "swiss"]
[EventRounds "9"]
[EventCountry "GER"]
[SourceTitle "EXT 2010"]
[Source "ChessBase"]
[SourceDate "2010.11.25"]
[SourceVersion "1"]
[SourceVersionDate "2010.11.25"]
[SourceQuality "1"]

1. d4 d5 2. Nf3 Nf6 3. c4 c6 4. Nc3 dxc4 5. a4 Bf5 6. e3 e6 7. Bxc4 Nbd7 8. 0-0 Be7 9. Nd2 e5 10. d5 cxd5 11. Nxd5 0-0 12. Nxe7+ Qxe7 13. b3 Rfd8 14. Ba3 Nc5 15. Qe2 e4 16. Rac1 Rac8 17. Rfd1 Bg4 18. f3 exf3 19. gxf3 Bh5 20. Nf1 Rxd1 21. Rxd1 Nfe4 22. Rd4 Ng5 23. Nd2 b6 24. Bxc5 bxc5 25. Rd5 Qf6 26. Kf2 Qg6 27. Bd3 Nh3+ 28. Ke1 Qg1+ 29. Nf1 Bg6 30. Ba6 Re8 31. Rxc5 Nf4 32. Qf2 Ng2+ 1/2-1/2

[Event "Saarland-ch MB"]
[Site "Heusweiler"]
[Date "2007.03.31"]
[Round "2"]
[White "Spektorov, Leonid"]
[Black "Gress, Alexander"]
[Result "0-1"]
[WhiteElo "1830"]
[BlackElo "1987"]
[PlyCount "87"]
[EventDate "2007.03.30"]
[EventType "swiss"]
[EventRounds "9"]
[EventCountry "GER"]
[SourceTitle "EXT 2008"]
[Source "ChessBase"]
[SourceDate "2007.11.25"]
[SourceVersion "1"]
[SourceVersionDate "2007.11.25"]
[SourceQuality "1"]

1. d4 e6 2. Nf3 Nf6 3. c4 b6 4. Nc3 Bb4 5. e3 Bb7 6. Bd3 Ne4 7. Qc2 Bxc3+ 8. bxc3 f5 9. Ba3 d6 10. 0-0 Nd7 11. Rab1 0-0 12. Nd2 Nxd2 13. Qxd2 Qg5 14. f4 Qg6 15. c5 dxc5 16. Rf2 Rfd8 17. dxc5 Nf6 18. Qe2 Ng4 19. Bc4 Nxf2 20. Qxf2 Be4 21. Re1 Rd7 22. Qg3 Kf7 23. Qxg6+ hxg6 24. Re2 Rad8 25. cxb6 axb6 26. Kf2 Rd2 27. Bc1 Rxe2+ 28. Bxe2 Bd3 29. c4 Bxe2 30. Kxe2 Ke7 31. Bb2 Ra8 32. a3 Kd6 33. Kd3 Kc5 34. Bd4+ Kc6 35. Bb2 Rd8+ 36. Bd4 g5 37. Kc3 g4 38. Bxg7 Rd7 39. Bd4 Rh7 40. h3 Rxh3 41. Kb4 Rg3 42. c5 Rxg2 43. cxb6 cxb6 44. a4 0-1